Sistema de control de sellado de una maquina computadora.

Uloženo v:
Podrobná bibliografie
Hlavní autor: Quirós Vargas, Santiago
Médium: Kniha
Vydáno: San José, Costa Rica 1987
Témata:
Tagy: Přidat tag
Žádné tagy, Buďte první, kdo vytvoří štítek k tomuto záznamu!

MARC

LEADER 00000nam a2200000Ia 4500
003 004423
005 20221231144347.0
008 140114s1987 cr a m 000 ||s d
040 |c cru CEDI 
090 |a TFG 2040 
100 |a Quirós Vargas, Santiago  |9 13748 
245 |a Sistema de control de sellado de una maquina computadora. 
260 |c 1987  |a San José, Costa Rica 
300 |a  ix, 61 hojas  
500 |a  Proyecto de graduación (bachillerato en ingeniería eléctrica)--Universidad de Costa Rica. Facultad de Ingeniería. Escuela de Ingeniería Eléctrica 
650 |x MAQUINAS EMBALADORAS   |x DISEÑO  |9 10341 
942 |c TFG 
999 |c 20708  |d 20708